| 000 | 00890cab a2200301 4500 | ||
|---|---|---|---|
| 001 | ABS43058 | ||
| 008 | 090401t1990 xxu||||| |||| 00| 0 eng d | ||
| 035 | _a(Sirsi) u40228 | ||
| 041 | _aeng | ||
| 100 | _aRamsey, S. | ||
| 245 | _aEuropean standards | ||
| 260 | _c1990 | ||
| 350 | _a0 | ||
| 490 |
_aSurveyor _v174(5104) 19 July 1990, 16-17(3) |
||
| 520 | _aLooks at the process for harmonisation of technical standards in the EC for the construction industry . European pre-standards are available for concrete and ready-mixed concrete - ENV206 . | ||
| 650 | _aBSI | ||
| 650 | _aCEN | ||
| 650 | _aDIRECTIVE 89/106/EEC | ||
| 650 | _aEURO NORMS | ||
| 650 | _aEUROPE | ||
| 650 | _aPRODUCT LIABILITY DIRECTIVE | ||
| 650 | _aSINGLE MARKET | ||
| 650 | _aSTANDARDS | ||
| 650 | _aSUPPLIES DIRECTIVE | ||
| 690 | _aEUROPE-SINGLE MARKET | ||
| 942 | _n0 | ||
| 948 | _c04/03/1997 | ||
| 999 |
_c25772 _d25772 |
||